00229nam a2200097 a 4500003000200000005001700002008004100019050001800060245003600078650001700114020240731141042.0030502s19uu xx 00 eng d aVHS 500bR 01 aVideo 13, 14, 15 - Human being. aHuman being.